[Event ">1599 Let's play have fun"]
[Site "SchemingMind.com"]
[Date "2015.07.11"]
[Round "-"]
[White "Nautilus"]
[Black "maro"]
[Result "1-0"]
[WhiteCountry "GRE"]
[BlackCountry "MEX"]
[WhiteElo "2176"]
[WhiteRD "148"]
[BlackElo "1446"]
[BlackRD "66"]
[GameID "383203"]

1. f4 e5 2. fxe5 Qh4+ 3. g3 Qe4 4. Nf3 Nc6 5. Nc3 Qf5 6. Nd5 Nb4 7. Nxc7+ Kd8 8. Nxa8 Nxc2+ 9. Kf2 Nxa1 10. d3 Ne7
11. Bf4 Nd5 12. e4 Qe6 13. exd5 Qxd5 14. Bg5+ Be7 15. Bxe7+ Kxe7 16. Qxa1 Qc5+ 17. d4 Qc2+ 18. Be2 b6 19. Rc1 Qf5 20. Qb1 Qe6
21. Nc7
1-0

[Event ">1599 Let's play have fun"]
[Site "SchemingMind.com"]
[Date "2015.07.13"]
[Round "-"]
[White "Transcendent"]
[Black "maro"]
[Result "1-0"]
[WhiteCountry "ENG"]
[BlackCountry "MEX"]
[WhiteElo "1643"]
[WhiteRD "67"]
[BlackElo "1385"]
[BlackRD "56"]
[GameID "383204"]

1. d4 e6 2. c4 c6 3. Nc3 Nf6 4. g3 b6 5. Bg2 Ba6 6. b3 Bb4 7. Bb2 O-O 8. Nf3 Bd6 9. O-O c5 10. d5 exd5
11. Nxd5 Nxd5 12. Qxd5 Nc6 13. Qxd6 Re8 14. e3 Re6 15. Qd2 Bb7 16. Qc3 f6 17. Rad1 d6 18. Ng5 Re5 19. Nf3 Re7 20. Rd2 Qc7
21. Rfd1 Rd8 22. Nh4 Ne5 23. Nf5 Ree8 24. Bxb7 Qxb7 25. Rd5 Re6 26. f4 Nf3+ 27. Kg2 Ne5 28. fxe5 dxe5 29. e4 Rxd5 30. cxd5 Re8
31. Nd6
1-0

[Event ">1599 Let's play have fun"]
[Site "SchemingMind.com"]
[Date "2015.07.13"]
[Round "-"]
[White "eun77"]
[Black "maro"]
[Result "1-0"]
[WhiteCountry "ISR"]
[BlackCountry "MEX"]
[WhiteElo "1379"]
[WhiteRD "81"]
[BlackElo "1327"]
[BlackRD "59"]
[GameID "383205"]

1. e4 e5 2. d3 d6 3. h3 g6 4. Nf3 Be7 5. Be2 Nf6 6. O-O O-O 7. Nh2 d5 8. exd5 Qxd5 9. Bf3 Qd6 10. Bg4 Bxg4
11. Nxg4 Nxg4 12. Qxg4 Nc6 13. a3 Rfe8 14. Nc3 Nd4 15. Qd1 Nf5 16. Ne4 Qc6 17. c3 Nd6 18. Nxd6 cxd6 19. Qf3 Qb6 20. Rb1 Bf8
21. Qe3 Qd8 22. b4 Be7 23. Qe2 b5 24. f3 a6 25. Be3 Rc8 26. Rbc1 d5 27. Bf2 Bg5 28. Rc2 Bf4 29. Be3 Bg3 30. Bf2 Qh4
31. Bxg3 Qxg3 32. Qf2 Qg5 33. Rd1 d4 34. cxd4 Rxc2 35. Qxc2 exd4 36. Kf1 Qf5 37. Qd2 Qd5 38. Re1 Rxe1+ 39. Qxe1 Qb3 40. Qe8+ Kg7
41. Qe5+ f6 42. Qe7+ Kh6 43. Qxf6 Qxd3+ 44. Kg1 Qe3+ 45. Kh2 d3 46. f4 d2 47. Qg5+ Kg7 48. Qg4 Qb3 49. Qd7+ Qf7 50. Qxd2 Qc7
51. Qe3 h6 52. Qe5+ Qxe5 53. fxe5 Kf7= 54. Kg3 g5 55. Kg4 Ke6 56. Kh5 Kxe5 57. Kxh6 Kf4 58. g4 Kg3 59. Kxg5 Kxh3 60. Kh5 Kg3
61. g5 Kf4 62. g6
1-0

[Event ">1599 Let's play have fun"]
[Site "SchemingMind.com"]
[Date "2015.07.10"]
[Round "-"]
[White "maro"]
[Black "ray winteringham"]
[Result "1-0"]
[WhiteCountry "MEX"]
[BlackCountry "ENG"]
[WhiteElo "1446"]
[WhiteRD "66"]
[BlackElo "1497"]
[BlackRD "49"]
[GameID "383206"]

1. d4 d5 2. c4 dxc4 3. Nc3 Nf6 4. Qa4+ Bd7 5. Qxc4 e6 6. e4 c6 7. Be2 Be7 8. e5 Nd5 9. Nxd5 cxd5 10. Qd3 Nc6
11. a3 Qb6 12. b4 Qxd4 13. Qxd4 Nxd4 14. Ra2 Ba4 15. Bd3 O-O 16. Ne2 Rfc8 17. O-O Nc6 18. f4 a6 19. Rf3 Nxe5 20. Rh3 h6
21. fxe5 Bd1 22. Ra1 Bb3 23. Rg3 f6 24. Bxh6 g5 25. exf6 Bxf6 26. Bxg5 Kf7 27. Bf4 Bxa1 28. Bg6+ Ke7 29. Rxb3 e5 30. Bg5+ Kd6
31. h4 Rc2 32. Bxc2
1-0

[Event ">1599 Let's play have fun"]
[Site "SchemingMind.com"]
[Date "2015.07.11"]
[Round "-"]
[White "klapa"]
[Black "maro"]
[Result "0-1"]
[WhiteCountry "POL"]
[BlackCountry "MEX"]
[WhiteElo "1449"]
[WhiteRD "72"]
[BlackElo "1435"]
[BlackRD "62"]
[GameID "383207"]

1. e4 e5 2. Nc3 Nf6 3. Nf3 Bc5 4. Nxe5 O-O 5. Bc4 d6 6. Nxf7 Qe7 7. Nxd6+ Kh8 8. Nf5 Bxf5 9. O-O Nxe4 10. Nxe4 Bxe4
11. d3 Bc6 12. Qg4 Nd7 13. Bg5 Nf6 14. Bxf6 Rxf6 15. Rae1 Qf8 16. d4 Rg6 17. Qh3 Bxd4 18. c3 Bc5 19. b4 Bxg2 20. Qh4 Bxf1+
21. Kxf1 Bb6 22. a3 Rf6 23. Re2 Rd8 24. Ke1 Qd6 25. Bb3 Qd3 26. Qh5 Qxc3+ 27. Kf1 Qc1+ 28. Re1 Rxf2+
0-1

[Event ">1599 Let's play have fun"]
[Site "SchemingMind.com"]
[Date "2015.07.10"]
[Round "-"]
[White "maro"]
[Black "Chessibelle"]
[Result "1-0"]
[WhiteCountry "MEX"]
[BlackCountry "ENG"]
[WhiteElo "1446"]
[WhiteRD "66"]
[BlackElo "1215"]
[BlackRD "58"]
[GameID "383208"]

1. d4 d5 2. c4 Nf6 3. Nc3 Bd7 4. cxd5 Bf5 5. Qa4+ Bd7 6. Qb4 b6 7. e4 e6 8. Qc4 Be7 9. dxe6 Bxe6 10. d5 Bg4
11. e5 Nfd7 12. Qxg4 g6 13. Bb5 Qc8 14. e6 c6 15. dxc6 Ne5 16. c7+ Kf8 17. cxb8=Q Rxb8 18. Bh6+ Kg8 19. exf7+ Nxf7 20. Qd4 Nxh6
21. Bc4+ Nf7 22. Qf4 Qf8 23. Nf3 h6 24. Ne5 Rh7 25. Nxg6 Qe8 26. O-O Rg7 27. Nxe7+ Qxe7 28. Qxb8+ Kh7 29. Bd3+
1-0

[Event ">1599 Let's play have fun"]
[Site "SchemingMind.com"]
[Date "2015.07.15"]
[Round "-"]
[White "Mitch The Man"]
[Black "roscoe"]
[Result "1-0"]
[WhiteCountry "USA"]
[BlackCountry "USA"]
[WhiteElo "1447"]
[WhiteRD "64"]
[BlackElo "1314"]
[BlackRD "91"]
[GameID "383219"]

1. e4 e5 2. Nf3 d6 3. h3 Nf6 4. Bd3 Nc6 5. O-O Be7 6. c3 O-O 7. b3 h6 8. Ba3 d5 9. Bxe7 Qxe7 10. Re1 dxe4
11. Bxe4 Nxe4 12. Rxe4 Bf5 13. Re3 e4 14. a4 Rad8 15. Ne1 a5 16. Na3 Ne5 17. Nb5 c6 18. Nd4 Bg6 19. Qe2 c5 20. Nb5 b6
21. c4 f6 22. Nc3 Bf7 23. Rxe4 Bg6 24. Re3 Rfe8 25. Nd5 Qd6 26. Kh1 Bf7 27. Nf3 Nxf3 28. gxf3 Rxe3 29. Nxe3 Qe5 30. Rb1 Bg6
31. Re1 Bd3 32. Qd1 Rd4 33. Ng2 Qd6 34. Re8+ Kh7 35. Qe1 Bg6 36. Re6 Qd8 37. Kh2 Qc7+ 38. f4 Bf5 39. Re3 Qb7 40. Qe2 Rd7
41. Nh4 Bb1 42. d3 g5 43. fxg5 Rd4 44. Qh5 Bxd3 45. Qxh6+ Kg8 46. Re8+ Kf7 47. Qf8#
1-0

[Event ">1599 Let's play have fun"]
[Site "SchemingMind.com"]
[Date "2015.07.10"]
[Round "-"]
[White "cnile"]
[Black "Mitch The Man"]
[Result "1-0"]
[WhiteCountry "SCO"]
[BlackCountry "USA"]
[WhiteElo "1500"]
[WhiteRD "68"]
[BlackElo "1440"]
[BlackRD "61"]
[GameID "383220"]

1. e4 e5 2. Nf3 d6 3. Bc4 c6 4. h3 Qe7 5. O-O b5 6. Bb3 Nh6 7. c3 Be6 8. Bc2 f6 9. d4 Nf7 10. Nbd2 Qc7
11. d5 cxd5 12. Qe2 Be7 13. Qxb5+ Nd7 14. exd5 Bxh3 15. gxh3 O-O 16. Ne4 Rab8 17. Qd3 Qb7 18. c4 a5 19. b3 Rfe8 20. Kh1 Nf8
21. Ba3 Kh8 22. Rg1 Ng6 23. Bc1 Nf4 24. Qf1 Ng6 25. Bd2 Qa6 26. Qd3 Bd8 27. Be3 Bc7 28. Nxf6 Re7 29. Rxg6 gxf6 30. Rg8+ Kxg8
31. Rg1+ Kf8 32. Qxh7 Ke8 33. Rg8+ Kd7 34. Bf5+
1-0

[Event ">1599 Let's play have fun"]
[Site "SchemingMind.com"]
[Date "2015.07.11"]
[Round "-"]
[White "maro"]
[Black "Mitch The Man"]
[Result "1/2-1/2"]
[WhiteCountry "MEX"]
[BlackCountry "USA"]
[WhiteElo "1446"]
[WhiteRD "66"]
[BlackElo "1440"]
[BlackRD "61"]
[GameID "383221"]

1. d4 d5 2. c4 c6 3. Nc3 Be6 4. c5 Nd7 5. e4 Qc7 6. e5 O-O-O 7. Bd3 g6 8. Bg5 h6 9. Bd2 Bg7 10. Nf3 Kb8
11. O-O Re8 12. a4 Ka8 13. a5 a6 14. b4 Nf8 15. Na4 Ka7 16. Nb6 Nh7 17. Qe2 Rd8 18. Rfc1 Nf8=
1/2-1/2

[Event ">1599 Let's play have fun"]
[Site "SchemingMind.com"]
[Date "2015.07.12"]
[Round "-"]
[White "Transcendent"]
[Black "Mitch The Man"]
[Result "1-0"]
[WhiteCountry "ENG"]
[BlackCountry "USA"]
[WhiteElo "1643"]
[WhiteRD "67"]
[BlackElo "1439"]
[BlackRD "62"]
[GameID "383222"]

1. d4 d5 2. c4 e6 3. Nf3 h6 4. g3 Ne7 5. Bg2 Nbc6 6. O-O Ng6 7. cxd5 exd5 8. Nc3 Be7 9. Qc2 O-O 10. e3 Be6
11. Bd2 Nb4 12. Qb3 a5 13. Na4 b6 14. a3 Nc6 15. Rac1 Qd7 16. Rfd1 Bf5 17. Be1 Be6 18. Bf1 Nd8 19. Bb5 Qc8 20. Nxb6 Qb7
21. Nxa8 Qxa8 22. Rxc7 Bd6 23. Rc3 Kh8 24. Rdc1 Ne7 25. Ne5 f6 26. Nd3 Nf7 27. Nf4 Bxf4 28. gxf4 f5 29. Rc7 Ng8 30. Bd7 Bxd7
31. Rxd7 Rb8 32. Qxd5 Qxd5 33. Rxd5 g6 34. b4 axb4 35. Bxb4 Kg7 36. Rc7 Nf6 37. Ra5 Ne4 38. Raa7
1-0

[Event ">1599 Let's play have fun"]
[Site "SchemingMind.com"]
[Date "2015.07.10"]
[Round "-"]
[White "Mitch The Man"]
[Black "ray winteringham"]
[Result "0-1"]
[WhiteCountry "USA"]
[BlackCountry "ENG"]
[WhiteElo "1440"]
[WhiteRD "61"]
[BlackElo "1497"]
[BlackRD "49"]
[GameID "383223"]

1. e4 e5 2. Nf3 Nc6 3. c3 g6 4. h3 Bg7 5. Be2 Nf6 6. d3 d6 7. O-O Be6 8. b3 Qd7 9. Ba3 O-O 10. Nbd2 Rfe8
11. Ng5 Ne7 12. Nxe6 Qxe6 13. Rb1 Qc8 14. Bb2 c5 15. c4 b6 16. a4 Nc6 17. Bc3 Nd7 18. Bg4 Qc7 19. Bxd7 Qxd7 20. Nf3 f5
21. b4 Red8 22. b5 Nd4 23. Bxd4 cxd4 24. Rb3 f4 25. Kh2 h6 26. Qd2 Bf6 27. Qa2 Kg7 28. g4 Rh8 29. h4 Qxg4 30. Qe2 Bxh4
31. Rg1 Qh5 32. Rxg6+ Kxg6 33. Nxe5+ dxe5 34. Qxh5+ Kxh5 35. Kg2 Bg5 36. Rb1 Kg6 37. Rg1 h5 38. f3 Kf6 39. Kf1 h4 40. Rh1 a6
0-1

[Event ">1599 Let's play have fun"]
[Site "SchemingMind.com"]
[Date "2015.07.11"]
[Round "-"]
[White "klapa"]
[Black "Mitch The Man"]
[Result "0-1"]
[WhiteCountry "POL"]
[BlackCountry "USA"]
[WhiteElo "1449"]
[WhiteRD "72"]
[BlackElo "1456"]
[BlackRD "61"]
[GameID "383224"]

1. e4 e5 2. Nf3 d6 3. d4 Nd7 4. d5 a6 5. Bd3 Nc5 6. Nc3 Nxd3+ 7. cxd3 h6 8. d4 Qf6 9. dxe5 dxe5 10. b3 Bb4
11. Bb2 Ne7 12. O-O O-O 13. Na4 b5 14. Bxe5 Qg6 15. Qe2 bxa4 16. Nh4 Qh7 17. d6 cxd6 18. Bf4 Bc3 19. Rac1 Bb4 20. Rcd1 Rd8
21. Rd4 Bc5 22. Rc4 axb3 23. axb3 Be6 24. Rc3 Rdc8 25. e5 Bxf2+ 26. Qxf2 Rxc3 27. b4 Nd5 28. exd6 Nxf4 29. Qxf4 Bc4 30. d7 Bxf1
31. Qd4 Rd3 32. Qc4 Rxd7 33. Qxf1 Rad8 34. Qc4 Rd1+ 35. Kf2 R1d2+ 36. Kg3 R8d3+ 37. Nf3 Qg6+ 38. Qg4 Rxg2+
0-1

[Event ">1599 Let's play have fun"]
[Site "SchemingMind.com"]
[Date "2015.07.10"]
[Round "-"]
[White "Mitch The Man"]
[Black "Chessibelle"]
[Result "1-0"]
[WhiteCountry "USA"]
[BlackCountry "ENG"]
[WhiteElo "1440"]
[WhiteRD "61"]
[BlackElo "1215"]
[BlackRD "58"]
[GameID "383225"]

1. e4 e5 2. Nf3 Nc6 3. c3 Nf6 4. Bd3 d5 5. Qe2 Be7 6. O-O O-O 7. b4 a6 8. Na3 b5 9. Bb2 Bd6 10. exd5 Nxd5
11. Be4 Be6 12. Bxd5 Bxd5 13. Nc2 Qd7 14. d3 Qe6 15. Ng5 Qg6 16. Ne4 Be7 17. Bc1 Be6 18. Qf3 f5 19. Nc5 e4 20. dxe4 fxe4
21. Qd1 Bh3 22. Ne3 Ne5 23. Re1 Bd6 24. Nxe4 Be6 25. Nxd6 Nf3+ 26. Kh1 Nh4 27. Nb7 Rxf2 28. Rg1 Nf5 29. Nc5 Bc8 30. Qd8+ Kf7
31. Qxc7+ Ne7 32. Nd5 Re2 33. Rf1+ Bf5 34. Nf4 Qg4 35. Nxe2 Qxe2 36. Bg5 Re8 37. Rxf5+ Kg6 38. Re5 Qc4 39. Qd6+ Kh5 40. Bxe7+ Kg4
41. Re4+
1-0

[Event ">1599 Let's play have fun"]
[Site "SchemingMind.com"]
[Date "2015.07.10"]
[Round "-"]
[White "Mitch The Man"]
[Black "Nautilus"]
[Result "0-1"]
[WhiteCountry "USA"]
[BlackCountry "GRE"]
[WhiteElo "1440"]
[WhiteRD "61"]
[BlackElo "2176"]
[BlackRD "148"]
[GameID "383226"]

1. e4 e5 2. Nf3 f5 3. Bd3 fxe4 4. Bxe4 d5 5. Nxe5 Qg5 6. Nf7 Kxf7 7. Qf3+ Nf6 8. Bd3 Bd6 9. O-O Bg4 10. Qe3 Qh5
11. g3 Re8 12. Qd4 Nc6 13. Qa4 Ne5
0-1

[Event ">1599 Let's play have fun"]
[Site "SchemingMind.com"]
[Date "2015.07.12"]
[Round "-"]
[White "Mitch The Man"]
[Black "eun77"]
[Result "1-0"]
[WhiteCountry "USA"]
[BlackCountry "ISR"]
[WhiteElo "1396"]
[WhiteRD "59"]
[BlackElo "1379"]
[BlackRD "81"]
[GameID "383227"]

1. e4 e5 2. Nf3 d6 3. h3 Nf6 4. Bd3 h6 5. O-O Be7 6. b4 O-O 7. a3 Nh7 8. Bc4 Be6 9. Bxe6 fxe6 10. d3 Bg5
11. Nxg5 Nxg5 12. Nc3 c6 13. Kh2 b5 14. a4 bxa4 15. Rxa4 a6 16. Qh5 Qe8 17. Qe2 Nh7 18. Bxh6 gxh6 19. Qg4+ Kh8 20. Qe2 Ra7
21. Qe3 Rg7 22. f3 Rf6 23. Ra5 Rfg6 24. g4 Qf8 25. Ne2 h5 26. Rg1 h4 27. Rg2 Ng5 28. f4 exf4 29. Nxf4 e5 30. Nxg6+ Rxg6
31. Rf2 Rf6 32. Rf5 Rxf5 33. gxf5 Qd8 34. Qe2 Qe8 35. Qg4 Nh7 36. Qxh4 Qf8 37. Ra1 Qf6 38. Qh5 Qf8 39. Rg1 Nd7 40. Qg6 Ndf6
41. Rg2 Qg8 42. Qh6 Qf7 43. Rg6 Qe7 44. Qh4 c5 45. Qh6 Qf7 46. b5 axb5 47. Kg2 b4 48. Kf2 d5 49. Ke3 d4+ 50. Kd2 Ng8
51. Qh4 Nf6 52. Kc1 Qf8 53. Qg3 Qf7 54. Kb2 c4 55. Qxe5 c3+ 56. Kb1 b3 57. Qb8+ Nf8 58. cxb3 Kh7 59. Rg5 N6d7 60. Qb4 Nc5
61. Kc2 Qa7 62. Qxd4 Qa2+ 63. Kxc3 Qa1+ 64. Kc4 Qxd4+ 65. Kxd4 Nxb3+ 66. Ke3 Nc5 67. Rh5+ Kg7 68. Rg5+ Kf6 69. h4 Ncd7 70. d4 Nh7
71. Rg6+ Kf7 72. Kf4 Nhf8 73. Rd6 Ke7 74. e5 Ke8 75. e6 Nf6 76. Ke5
1-0

[Event ">1599 Let's play have fun"]
[Site "SchemingMind.com"]
[Date "2015.07.16"]
[Round "-"]
[White "Yos"]
[Black "roscoe"]
[Result "1-0"]
[WhiteCountry "INA"]
[BlackCountry "USA"]
[WhiteElo "2106"]
[WhiteRD "70"]
[BlackElo "1234"]
[BlackRD "98"]
[GameID "383251"]

1. c4 c5 2. Nc3 Nf6 3. g3 Nc6 4. Bg2 g6 5. Nf3 Bg7 6. O-O O-O 7. d4 d5 8. dxc5 d4 9. Nb5 Bf5 10. Nfxd4 Nxd4
11. Nxd4 Rb8 12. Nxf5 Qxd1 13. Nxe7+ Kh8 14. Rxd1 Rbd8 15. Bf4 Rxd1+ 16. Rxd1 Re8 17. Nd5 Rxe2 18. Nxf6
1-0

[Event ">1599 Let's play have fun"]
[Site "SchemingMind.com"]
[Date "2015.07.11"]
[Round "-"]
[White "Yos"]
[Black "Mitch The Man"]
[Result "1-0"]
[WhiteCountry "INA"]
[BlackCountry "USA"]
[WhiteElo "1883"]
[WhiteRD "100"]
[BlackElo "1440"]
[BlackRD "61"]
[GameID "383252"]

1. c4 c5 2. Nc3 e6 3. g3 a6 4. Bg2 Bd6 5. e4 Ne7 6. d4 O-O 7. d5 e5 8. Nf3 h6 9. O-O b6 10. Nh4 Kh7
11. Nf5 Nxf5 12. exf5 f6 13. Ne4 Qe7 14. Qb3 b5 15. Qa3 b4 16. Qa5 Ra7 17. Be3 Rb7 18. Nxd6 Ra7 19. Bxc5 Ra8 20. Nxc8
1-0

[Event ">1599 Let's play have fun"]
[Site "SchemingMind.com"]
[Date "2015.07.12"]
[Round "-"]
[White "Transcendent"]
[Black "Yos"]
[Result "0-1"]
[WhiteCountry "ENG"]
[BlackCountry "INA"]
[WhiteElo "1643"]
[WhiteRD "67"]
[BlackElo "2171"]
[BlackRD "68"]
[GameID "383253"]

1. d4 c5 2. d5 f5 3. Nc3 Nf6 4. Nf3 e6 5. e4 fxe4 6. Ng5 Qb6 7. Ngxe4 Nxe4 8. Nxe4 Qb4+ 9. Nd2 Qd4 10. dxe6 dxe6
11. Bb5+ Bd7 12. Bxd7+ Qxd7 13. O-O Nc6 14. Ne4 O-O-O 15. Bg5 Qxd1 16. Raxd1 Rd5 17. Rxd5 exd5 18. Nc3 h6 19. Bd2 d4 20. Nd5 Bd6
21. Re1 Kd7 22. c3 Rf8 23. a3 Rf5 24. c4 Ne5 25. b3 b5 26. Bf4 bxc4 27. Bxe5 Rxe5 28. Rxe5 cxb3 29. Re1 Kc6 30. Ne7+ Bxe7
31. Kf1 c4 32. Ke2 Bxa3
0-1

[Event ">1599 Let's play have fun"]
[Site "SchemingMind.com"]
[Date "2015.07.12"]
[Round "-"]
[White "eun77"]
[Black "Yos"]
[Result "0-1"]
[WhiteCountry "ISR"]
[BlackCountry "INA"]
[WhiteElo "1377"]
[WhiteRD "77"]
[BlackElo "2271"]
[BlackRD "68"]
[GameID "383254"]

1. e4 c5 2. d3 Nc6 3. Nf3 g6 4. Be2 Bg7 5. O-O Nf6 6. c3 O-O 7. h3 d6 8. Nh2 d5 9. exd5 Nxd5 10. Bf3 Rb8
11. Bxd5 Qxd5 12. Qf3 Rd8 13. Qxd5 Rxd5 14. Rd1 Bf5 15. c4 Rxd3 16. Rxd3 Bxd3 17. Na3 Rd8 18. Nf3 Bf5 19. Be3 Bxb2 20. Re1 Bxa3
21. Bc1 Bb4 22. Rf1 Bd3 23. Rd1 Bxc4 24. Rxd8+ Nxd8 25. Ne5 Be2 26. Be3 f6 27. Nf3 Nc6 28. Nh2 Bc4 29. Nf3 Bxa2 30. Nd2 a5
31. Kf1 a4 32. Ne4 Bc4+ 33. Kg1 Nd4 34. Bxd4 cxd4 35. f3 a3
0-1

[Event ">1599 Let's play have fun"]
[Site "SchemingMind.com"]
[Date "2015.07.12"]
[Round "-"]
[White "Yos"]
[Black "cnile"]
[Result "1-0"]
[WhiteCountry "INA"]
[BlackCountry "SCO"]
[WhiteElo "1883"]
[WhiteRD "100"]
[BlackElo "1500"]
[BlackRD "68"]
[GameID "383255"]

1. c4 e6 2. Nc3 d5 3. cxd5 exd5 4. d4 Bb4 5. e3 Nf6 6. Qb3 Bxc3+ 7. bxc3 c6 8. Ba3 Nbd7 9. Nf3 b5 10. Bd3 a5
11. O-O Bb7 12. e4 Qc7 13. exd5 Nxd5 14. Rae1+ Kd8 15. Ng5 N7f6 16. Be7+ Nxe7 17. Qxf7 c5 18. Ne6+
1-0

[Event ">1599 Let's play have fun"]
[Site "SchemingMind.com"]
[Date "2015.07.11"]
[Round "-"]
[White "Yos"]
[Black "maro"]
[Result "1-0"]
[WhiteCountry "INA"]
[BlackCountry "MEX"]
[WhiteElo "1883"]
[WhiteRD "100"]
[BlackElo "1446"]
[BlackRD "66"]
[GameID "383256"]

1. c4 e5 2. Nc3 Nf6 3. g3 Bc5 4. Bg2 O-O 5. Nf3 e4 6. Ng5 Ng4 7. Ngxe4 c6 8. Nxc5 Qf6 9. N5e4 Qf5 10. O-O Qh5
11. h3 Ne5 12. Nd6 Na6 13. d4 Ng6 14. f4 Qa5 15. f5 Ne7 16. f6 gxf6 17. Bh6 Rd8 18. Nce4 Nf5 19. Nxf6+ Kh8 20. Nxf7#
1-0

[Event ">1599 Let's play have fun"]
[Site "SchemingMind.com"]
[Date "2015.07.11"]
[Round "-"]
[White "ray winteringham"]
[Black "Yos"]
[Result "0-1"]
[WhiteCountry "ENG"]
[BlackCountry "INA"]
[WhiteElo "1497"]
[WhiteRD "49"]
[BlackElo "1883"]
[BlackRD "100"]
[GameID "383257"]

1. e4 c5 2. b4 cxb4 3. d4 d5 4. e5 Nc6 5. Bb5 Qb6 6. Qe2 Qxd4 7. c3 bxc3 8. Nf3 Qb4 9. O-O Bg4 10. a3 Qc5
11. Be3 Bxf3 12. Bxc5 Bxe2 13. Bxe2 d4 14. f4 O-O-O 15. Bf3 e6 16. Bxc6 Bxc5 17. Be4 d3+ 18. Kh1 c2 19. Nd2 f5 20. Bf3 Be3
21. Nc4 Bxf4 22. Nd6+ Rxd6 23. exd6 d2 24. g3 Be3 25. Ra2 c1=Q
0-1

[Event ">1599 Let's play have fun"]
[Site "SchemingMind.com"]
[Date "2015.07.11"]
[Round "-"]
[White "Yos"]
[Black "klapa"]
[Result "1-0"]
[WhiteCountry "INA"]
[BlackCountry "POL"]
[WhiteElo "1883"]
[WhiteRD "100"]
[BlackElo "1442"]
[BlackRD "76"]
[GameID "383258"]

1. c4 e5 2. Nc3 f5 3. Qc2 e4 4. d3 exd3 5. exd3 d6 6. Nf3 Nf6 7. d4 d5 8. Bg5 dxc4 9. O-O-O Nc6 10. Bxc4 Nb4
11. Qa4+ Bd7 12. Rhe1+ Be7 13. Qxb4 c5 14. dxc5 a5 15. Qxb7 a4 16. Rxe7+ Kxe7 17. Nd5+ Kf8 18. Nxf6 Rb8 19. Rxd7 Rxb7 20. Rxd8+ Ke7
21. Ne4#
1-0

[Event ">1599 Let's play have fun"]
[Site "SchemingMind.com"]
[Date "2015.07.11"]
[Round "-"]
[White "Chessibelle"]
[Black "Yos"]
[Result "0-1"]
[WhiteCountry "ENG"]
[BlackCountry "INA"]
[WhiteElo "1215"]
[WhiteRD "58"]
[BlackElo "1883"]
[BlackRD "100"]
[GameID "383259"]

1. Nf3 c5 2. Nc3 Nc6 3. e4 g6 4. b3 Bg7 5. Be2 Nf6 6. d3 Nxe4 7. O-O Nxc3 8. Qd2 Nxe2+ 9. Qxe2 Bxa1 10. Ng5 d6
11. Qe3 Bf6 12. c4 Qa5 13. a4 Nd4 14. Bd2 Qc7 15. Qe4 Nxb3 16. Be3 Bf5 17. Qd5 Bxg5 18. Bxg5 Nd4 19. h3 e6 20. Re1 O-O
0-1

[Event ">1599 Let's play have fun"]
[Site "SchemingMind.com"]
[Date "2015.07.11"]
[Round "-"]
[White "Nautilus"]
[Black "Yos"]
[Result "1-0"]
[WhiteCountry "GRE"]
[BlackCountry "INA"]
[WhiteElo "2176"]
[WhiteRD "148"]
[BlackElo "1883"]
[BlackRD "100"]
[GameID "383260"]

1. e4 c5 2. d4 cxd4 3. c3 dxc3 4. Nxc3 Nc6 5. Nf3 d6 6. Bc4 Nf6 7. Qe2 e5 8. O-O Be7 9. Rd1 O-O 10. Be3 Be6
11. Rac1 Rc8 12. Bxe6 fxe6 13. b4 Nxb4 14. Nxe5 Qa5 15. Ng4 h5 16. Nxf6+ Bxf6 17. Qd2 Rc4 18. Ne2 Be7 19. Rxc4 d5 20. exd5 exd5
21. Rf4 Rd8 22. Bd4 Qa4 23. Nc3 Qe8 24. Bxa7 Bg5 25. Rf8+ Qxf8 26. Qxg5 Ra8 27. Nxd5 Nc6 28. Bd4 Rd8 29. Re1 Qf7 30. Nf6+ Kh8
31. Qf5 gxf6 32. Bxf6+ Kg8 33. Qg5+ Kh7 34. Bxd8
1-0